[Event "Hastings Masters op 84th"]
[Site "Hastings"]
[Date "2008.12.30"]
[Round "3"]
[White "Salimbeni, George PW"]
[Black "Kaufman, Raymond"]
[Result "0-1"]
[WhiteElo "2103"]
[BlackElo "2320"]
[PlyCount "98"]
[EventDate "2008.12.28"]
[EventType "swiss"]
[EventRounds "9"]
[EventCountry "ENG"]
[SourceTitle "CBM 128 Extra"]
[Source "ChessBase"]
[SourceDate "2009.03.05"]
[SourceVersion "2"]
[SourceVersionDate "2009.03.25"]
[SourceQuality "1"]

1. e4 e6 2. d4 d5 3. Nd2 Nf6 4. e5 Nfd7 5. Bd3 c5 6. c3 Nc6 7. Ne2 cxd4 8. cxd4 f6 9. exf6 Nxf6 10. Nf3 Bd6 11. 0-0 Qc7 12. Nc3 a6 13. Bg5 0-0 14. Bh4 g6 15. Bg3 Nh5 16. Bxd6 Qxd6 17. a3 Bd7 18. Re1 Rf6 19. Be2 Raf8 20. g3 Ng7 21. Qd3 Nf5 22. Rad1 Kg7 23. b4 h6 24. b5 axb5 25. Nxb5 Qb8 26. Rd2 g5 27. Bd1 R6f7 28. Bc2 Kh8 29. Rde2 Rg7 30. a4 Nb4 31. Qd1 Nxg3 32. fxg3 Rxf3 33. Re3 Rf6 34. Bb1 Rgf7 35. Qd2 Qf8 36. Bd3 Rf2 37. R3e2 Nxd3 38. Qxd3 Rf1+ 39. Rxf1 Rxf1+ 40. Kg2 e5 41. dxe5 Bf5 42. Qd4 Be4+ 43. Rxe4 Qf3+ 44. Kh3 Qxe4 45. Qc3 Qf5+ 46. Kg2 Rf2+ 47. Kg1 Re2 48. e6+ Kh7 49. Qc7+ Kg6 0-1